[Event "GRE ESSPEP-ch 12th"]
[Site "Kalamata"]
[Date "2016.04.25"]
[Round "1"]
[White "Mavromihalis, Konstantinos"]
[Black "Diakoumeas, Aristofanis"]
[Result "1-0"]
[WhiteElo "1812"]
[BlackElo "1356"]
[PlyCount "73"]
[EventDate "2016.04.25"]
[EventType "swiss"]
[EventRounds "5"]
[EventCountry "GRE"]
[SourceTitle "EXT 2024"]
[Source "ChessBase"]
[SourceDate "2023.10.10"]
[SourceVersion "1"]
[SourceVersionDate "2023.10.10"]
[SourceQuality "1"]

1. d4 Nf6 2. Nf3 g6 3. c4 Bg7 4. Nc3 0-0 5. e4 d6 6. Be2 e5 7. 0-0 Nc6 8. d5 Ne7 9. Ne1 Nd7 10. Be3 f5 11. f3 f4 12. Bf2 g5 13. Qa4 Nf6 14. c5 h5 15. cxd6 cxd6 16. Qa3 g4 17. Nb5 gxf3 18. Bxf3 Bg4 19. Qxd6 Bxf3 20. Qxd8 Raxd8 21. gxf3 a6 22. Nc7 Rd7 23. Ne6 Rb8 24. Nd3 b6 25. Nxe5 Rd6 26. Bd4 Nexd5 27. exd5 Rxd5 28. Bc3 Bh8 29. Nxf4 Rb5 30. Neg6 Kf7 31. Rfe1 Nd5 32. Nxh8+ Rxh8 33. Bxh8 Nxf4 34. Re5 Nh3+ 35. Kg2 Nf4+ 36. Kg3 Rxe5 37. Bxe5 1-0

[Event "GRE-chT 43rd"]
[Site "Porto Rio"]
[Date "2015.10.08"]
[Round "1.14"]
[White "Diakoumeas, Aristofanis"]
[Black "Papasimakopoulos, Vasilios"]
[Result "0-1"]
[WhiteElo "1382"]
[BlackElo "2046"]
[PlyCount "98"]
[EventDate "2015.10.08"]
[EventType "team-swiss"]
[EventRounds "7"]
[EventCountry "GRE"]
[SourceTitle "CBM 168 Extra"]
[Source "ChessBase"]
[SourceDate "2015.10.29"]
[SourceVersion "1"]
[SourceVersionDate "2015.10.29"]
[SourceQuality "1"]
[WhiteTeam "Kalamata"]
[BlackTeam "Papagou"]
[WhiteTeamCountry "GRE"]
[BlackTeamCountry "GRE"]

1. c4 f5 2. Nc3 Nf6 3. g3 g6 4. Bg2 Bg7 5. d3 0-0 6. e4 Nc6 7. Nge2 d6 8. 0-0 e5 9. Bg5 h6 10. Bxf6 Qxf6 11. Nd5 Qf7 12. a3 Be6 13. Rb1 Rae8 14. b4 Nd8 15. b5 c6 16. Ndc3 c5 17. a4 f4 18. gxf4 exf4 19. f3 g5 20. Kh1 Qh5 21. Nd5 Bh3 22. Nec3 Bxg2+ 23. Kxg2 Be5 24. Qd2 Rf7 25. Kh1 Re6 26. Qg2 Qh4 27. Ne2 Rg6 28. Qf2 Qh3 29. Qg2 Qd7 30. a5 Ne6 31. Qg4 Qe8 32. b6 a6 33. Rg1 h5 34. Qxh5 Rh7 35. Qg4 Rgh6 36. Qg2 Qh5 37. h3 Qxh3+ 38. Qxh3 Rxh3+ 39. Kg2 g4 40. Kf1 Rxf3+ 41. Ke1 g3 42. Kd2 Rh2 43. Rbf1 Nd4 44. Ndc3 Rff2 45. Re1 Nf3+ 46. Kd1 Nxe1 47. Rxe1 Bxc3 48. Nxc3 Rd2+ 49. Kc1 Rc2+ 0-1

[Event "Kalamata NOK op 2nd"]
[Site "Kalamata"]
[Date "2012.11.11"]
[Round "5.3"]
[White "Diakoumeas, Aristofanis"]
[Black "Kalaitzidis, Anastasios"]
[Result "1/2-1/2"]
[WhiteElo "1493"]
[BlackElo "1725"]
[PlyCount "59"]
[EventDate "2012.10.14"]
[EventType "swiss"]
[EventRounds "7"]
[EventCountry "GRE"]
[SourceTitle "EXT 2024"]
[Source "ChessBase"]
[SourceDate "2023.10.10"]
[SourceVersion "1"]
[SourceVersionDate "2023.10.10"]
[SourceQuality "1"]

1. e4 c5 2. Nf3 d6 3. d4 cxd4 4. Nxd4 Nf6 5. Nc3 g6 6. Be3 Bg7 7. f3 Nc6 8. Qd2 0-0 9. Bc4 Bd7 10. 0-0-0 Rc8 11. Bb3 Ne5 12. g4 Nc4 13. Bxc4 Rxc4 14. h4 h5 15. gxh5 Nxh5 16. Rdg1 b5 17. Nce2 Qc7 18. b3 e5 19. bxc4 exd4 20. Bxd4 Qxc4 21. Bxg7 Nxg7 22. Kb1 Rc8 23. Nf4 Be6 24. Nxe6 Nxe6 25. Qd3 Qb4+ 26. Qb3 Qc5 27. Rxg6+ fxg6 28. Qxe6+ Kg7 29. Qe7+ Kh6 30. Qg5+ 1/2-1/2